Statistics for Languages of the Largest Cities in the World

Click here to take the quiz!

General Stats

  • This quiz has been taken 109 times
  • The average score is 13 of 15

Answer Stats

CityAnswer% Correct
TokyoJapanese
100%
New YorkEnglish
98%
Mexico CitySpanish
98%
SeoulKorean
97%
São PauloPortuguese
96%
CairoArabic
94%
ShanghaiMandarin
94%
DelhiHindi
93%
JakartaIndonesian
92%
ManilaTagalog
90%
Guangzhou/ShenzhenCantonese
88%
DhakaBengali
87%
BeijingMandarin
86%
MumbaiMarathi
53%
LagosYoruba
52%

Score Distribution

Percentile by Number Answered

Percent of People with Each Score

Your Score History

You have not taken this quiz